Groupes de Sept - Géographie #2 - Statistiques

Statistiques générales
  • Ce quiz a été pris 173 fois
  • Le résultat moyen est 28 sur 56
Statistiques - réponses
Groupe Réponse % Correct
Biggest land masses in Oceania Australie
94%
G7 countries États-Unis
86%
G7 countries France
86%
Countries of Central America Panama
86%
Countries of Indochina Vietnam
86%
Countries of Central America Costa Rica
84%
G7 countries Allemagne
82%
Most populous cities in Germany Berlin
82%
Countries of Central America Guatemala
82%
Countries of Central America Honduras
82%
Countries of Central America Nicaragua
82%
Countries of Indochina Thaïlande
82%
Countries of Indochina Cambodge
80%
Countries of Indochina Laos
80%
Tallest mountain on each continent Mont Everest
80%
G7 countries Royaume-Uni
80%
Countries of Central America Salvador
80%
Countries of Central America Belize
77%
G7 countries Italie
76%
Most populous cities in Germany Munich
73%
Countries of Indochina Birmanie
72%
G7 countries Japon
72%
G7 countries Canada
71%
Countries of Indochina Malaisie
69%
Most populous cities in Germany Francfort
62%
Most populous cities in Germany Hambourg
61%
Canadian provinces bordering the U.S. Québec
61%
Canadian provinces bordering the U.S. Ontario
50%
Countries of Indochina Singapour
50%
Most populous cities in Germany Cologne
49%
Most populous cities in Germany Stuttgart
38%
Biggest land masses in Oceania Tasmanie
37%
Most populous cities in Germany Düsseldorf
33%
Biggest land masses in Oceania Nouvelle-Guinée
32%
Canadian provinces bordering the U.S. Alberta
31%
Tallest mountain on each continent Kilimanjaro
31%
Tallest mountain on each continent Elbrouz
27%
Seven hills of Rome Palatin
25%
Biggest land masses in Oceania Grande Terre (Nouvelle-Calédonie)
23%
Tallest mountain on each continent Aconcagua
22%
Canadian provinces bordering the U.S. Saskatchewan
22%
Tallest mountain on each continent Denali
20%
Biggest land masses in Oceania Île du Sud
20%
Canadian provinces bordering the U.S. Manitoba
20%
Canadian provinces bordering the U.S. Colombie Brittanique
19%
Biggest land masses in Oceania Île du Nord
19%
Seven hills of Rome Capitole
15%
Canadian provinces bordering the U.S. Nouveau Brunswick
14%
Seven hills of Rome Aventin
10%
Seven hills of Rome Quirinal
8%
Seven hills of Rome Esquilin
7%
Biggest land masses in Oceania Nouvelle Bretagne
7%
Seven hills of Rome Caelius
5%
Tallest mountain on each continent Mont Vinson
5%
Seven hills of Rome Viminal
5%
Tallest mountain on each continent Mont Wilhelm
1%
Aucun quiz correspondant
Distribution des résultats
% des personnes avec chaque résultat
Percentile par nombre de réponses
Votre historique - résultats
Vous n’avez pas pris ce quiz